Normal view MARC view

Entry Personal Name

Number of records used in: 1

001 - CONTROL NUMBER

  • control field: 1051575

003 - CONTROL NUMBER IDENTIFIER

  • control field: OSt

005 - DATE AND TIME OF LATEST TRANSACTION

  • control field: 20260121165427.0

008 - FIXED-LENGTH DATA ELEMENTS

  • fixed length control field: 260121|| aca||aabn | a|a d

040 ## - CATALOGING SOURCE

  • Original cataloging agency: OSt
  • Transcribing agency: OSt

100 ## - HEADING--PERSONAL NAME

  • Personal name: Paolo Fogliaroni, Andrea Ballatore, Eliseo Clementini

670 ## - SOURCE DATA FOUND

  • Source citation: Work cat.: (OSt)1617300: Paolo Fogliaroni, Andrea Ballatore, Eliseo Clementini, Proceedings of Workshops and Posters at the 13th International Conference on Spatial Information Theory (COSIT 2017)
Copyright @ Delhi University Library System